| 000 | 00551nam a2200181Ia 4500 | ||
|---|---|---|---|
| 003 | GCL | ||
| 008 | 140319s9999 xx 000 0 ara d | ||
| 040 |
_aGCL / _cGCL |
||
| 082 | 0 | 4 |
_a260 _bب ف |
| 100 | 1 | _aيوسف زيدان | |
| 245 | 1 | 0 |
_aالفكر الصوفى عند عبدالكريم الجبلى / _cيوسف زيدان |
| 300 | _a244 ص | ||
| 490 |
_aدراسات فى التصوف _v0 |
||
| 650 | 0 | 4 | _aالتصوف الاسلامى |
| 650 | 0 | 4 | _aعبدالكريم الجبلى |
| 650 | 0 | 4 | _aالتصوف - تاريخ |
| 942 |
_2ddc _cBK |
||
| 999 |
_c37674 _d37674 |
||